Cómo mirar la pintura

Gorde:
Xehetasun bibliografikoak
Egile nagusia: Guichard-Meili, Jean (Egilea)
Formatua: Liburua
Hizkuntza:gaztelania
Argitaratua: Barcelona Labor 1980
Edizioa:6a. ed
Saila:Nueva Colección Labor, 14
Gaiak:
Etiketak: Etiketa erantsi
Etiketarik gabe, Izan zaitez lehena erregistro honi etiketa jartzen!

MARC

LEADER 00000nam a2200000 a 4500
001 UCX0401
003 CL-VaPUC
008 891016e19800000SP |||||||||||||||||spa|d
082 0 4 |a 750.1  |b GUI  |2 21 
100 |a Guichard-Meili, Jean  |e author  |9 570721 
245 1 0 |a Cómo mirar la pintura 
250 |a 6a. ed 
300 |a 221 p 
942 |c BK 
945 |d 19891016 00:00:00 
260 |a Barcelona  |b Labor  |c 1980 
650 0 |a Pintura  |9 265046 
583 |a last modification  |c 19891016 00:00:00  |k Rodrigo Vera 
490 0 |a Nueva Colección Labor, 14 
999 |c 222010  |d 222008 
952 |0 0  |1 0  |4 0  |6 750_100000000000000_GUI_1980  |7 0  |8 A  |9 216164  |a BIBHIS  |b BIBHIS  |d 2019-11-15  |i 2847612  |o 750.1 GUI 1980  |p 2847612  |r 2025-01-20  |w 2019-11-15  |y BK  |k HIS